000 01820nam0a2200349 4500
001 RU\NLR\bibl\1303196
005 20260406071115.0
010 _a5-91143-006-1
_9500
021 _aRU
_b2008-83390
_94861
035 _a(NLR Aleph) 001288750
090 _a545656
_c545656
100 _a20081205d2006 |||y0rusy50 ca
101 0 _arus
102 _aRU
105 _aa |||||||||
200 1 _aСила любви
_eистория ленинградской школы-интерната № 4
_eмонография
_fВ.Г. Куценко, Л.Б. Куценко-Барскова, А.И. Соловьев
_gпод ред. чл.-кор. Акад. менеджмента в образовании и культуре, к.п.н. Л.Б. Куценко-Барсковой
210 _aСанкт-Петербург
_cСударыня
_d2006
215 _a219 с.
_cил., портр.
_d20
300 _aПосвящается педагогам школы-интерната N° 4 Ленинграда
320 _aБиблиогр.: с. 215-217 (39 назв.)
601 0 2 _aЛенинградская школа-интернат
_c4
_92554495
_3RU\NLR\auth\661511412
686 1 _aЧ424(2)714.4
700 1 _aКуценко
_bВ. Г.
_f1925-2003
_gВиктор Григорьевич
_4070
701 1 _4070
_8rus
_7ca
_aКуценко-Барскова
_bЛ. Б.
_f1958-
_gЛидия Борисовна
_3RU\NLR\auth\7716236
_9125876
701 1 _aСоловьев
_bА. И.
_gАлександр Илларионович
_4070
801 0 _aRU
_bNLR
_c20081205
_gRCR
801 1 _aRU
_bNLR
_c20081205
830 _aАвт. по кн.
942 _cBOOK
980 _aNB